00666nam a22002052i 450000100060000000300080000600500170001400800410003103500190007204000330009104100080012408200220013210000310015424501390018526000340032430000190035850000630037765000100044065000100045030174BD-RJUL20211209051526.0140409s1959 enk 000 0 eng d a(BD-RJUL)30259 aTXRcTXRdOCLdUKMdEQObeng aeng a120218bJAT 19591 aJaspers, Karl,d1883-1969.10aTruth and symbol, from "Von der Warheit" [sic] /ctranslated with an introduction by Jean T. Wilde, William Kluback and William Kimmel aLondon :bVision Press,c1959 a79 p. ;c23 cm aVon der Wahrheit originally published, Munich, Piper, 1947 0aTruth 0aLogic